| 000 | 00889cam a22001934a 4500 | ||
|---|---|---|---|
| 005 | 20250605163921.0 | ||
| 008 | 250528s ||||||||||||||||||||||||d | ||
| 035 | _a14407 | ||
| 020 | _a471957739 | ||
| 040 |
_aGR-AtMCL _bgre _dGR-AtMCL _eAACR2 |
||
| 245 | 1 | _aPsychology of Pain | |
| 260 |
_bJohn Wiley & Sons, _c1995 |
||
| 300 | _a348 | ||
| 520 | _aA comprehensive and integrated and accessible account of the experience of pain and its applications. Preface, Acknowledgements, Introduction, Measuring Painful Sensations, Learning about Pain, Beliefs and Images and Memories of Pain, Beliefs about Control and Causation Affecting Pain and Illness, Taking the Decision, The Consultation Process, Coping with Pain, The Social Features of Treating Pain, The Way Forward, References, Index. | ||
| 700 | 1 |
_aSkevington Suzanne M _957 |
|
| 942 | _cBK | ||
| 999 |
_c41 _d41 |
||